000 01427 a2200241 4500
003 Nust
005 20170207154010.0
010 _a 00053027
020 _a0596000022
040 _cNust
082 0 0 _a005.432
100 1 _aBovet, Daniel P.
245 1 0 _aUnderstanding the Linux kernel -(E-BOOK)
_cDaniel P. Bovet & Marco Cesati.
260 _aBeijing ;
_aCambridge, Mass. :
_bO'Reilly,
_c2001.
300 _axvi, 684 p. :
_bill. ;
_c24 cm.
505 _aIntroduction (Page-6) Memory Addressing (Page-36) Processes (Page-64) Interrupts And Exceptions (Page-96) Timing Measurements (Page-131) Memory Management (Page-149) Process Address Space (Page-183) System Calls (Page-217) Signals (Page-231) Process Scheduling (Page258) Kernel Synchronization (Page-277) The Virtual Filesystem (Page-303) Managing I/O Devices (Page-343) Disk Caches - Accessing Regular Files (Page-383) Swapping: Methods For Freeing Memory (Page-400) The Ext2 Filesystem (Page-417) Process Communication (Page-451) Program Execution (Page-476)
650 0 _aOperating systems (Computers)
651 _aE-BOOK
700 1 _aCesati, Marco.
856 4 2 _3Contributor biographical information
_uhttp://www.loc.gov/catdir/enhancements/fy0915/00053027-b.html
856 4 2 _3Publisher description
_uhttp://www.loc.gov/catdir/enhancements/fy0915/00053027-d.html
856 4 2 _3Table of contents only
_uhttp://www.loc.gov/catdir/enhancements/fy1008/00053027-t.html
942 _2ddc
_cBK
999 _c191166
_d191166